[Event "Outaouais-ch Reserve"]
[Site "Gatineau CAN"]
[Date "2017.05.30"]
[Round "7"]
[White "Labelle, Raymond"]
[Black "Legare, Gilles"]
[Result "0-1"]
[WhiteElo "1499"]
[BlackElo "1022"]
[WhiteFideId "-1"]
[WhiteFideId "-1"]
[PlyCount "58"]
[GameId "2160767908411919"]
[EventDate "2017.04.18"]
[EventType "swiss"]
[EventRounds "7"]
[EventCountry "CAN"]
[SourceTitle "EXT 2022"]
[Source "ChessBase"]
[SourceDate "2021.10.06"]
[SourceVersion "1"]
[SourceVersionDate "2021.10.06"]
[SourceQuality "1"]

1. e4 c5 2. Nf3 Nc6 3. d4 cxd4 4. Nxd4 e5 5. Nxc6 bxc6 6. Nc3 Nf6 7. Bd3 d6 8. h3 Be7 9. Be3 O-O 10. Qf3 a5 11. a4 Ba6 12. O-O Qc7 13. Ne2 Bxd3 14. cxd3 d5 15. Ng3 d4 16. Bd2 Qd7 17. Rfc1 Qe6 18. Nf5 Kh8 19. Nxe7 Qxe7 20. Rxc6 Ng8 21. Rac1 Ra7 22. R6c5 Rb8 23. R1c2 Rb6 24. Rxa5 Rf6 25. Qd1 Rg6 26. Rxa7 Qxa7 27. Rc8 Qd7 28. Rc1 Qxh3 29. Qf3 Qxf3 0-1

[Event "Outaouais-ch Reserve"]
[Site "Gatineau CAN"]
[Date "2017.05.30"]
[Round "7"]
[White "Lecorre, Joel"]
[Black "Bourbonnais, Luc"]
[Result "1-0"]
[WhiteElo "1501"]
[BlackElo "1277"]
[WhiteFideId "-1"]
[WhiteFideId "-1"]
[PlyCount "91"]
[GameId "2160767908411920"]
[EventDate "2017.04.18"]
[EventType "swiss"]
[EventRounds "7"]
[EventCountry "CAN"]
[SourceTitle "EXT 2022"]
[Source "ChessBase"]
[SourceDate "2021.10.06"]
[SourceVersion "1"]
[SourceVersionDate "2021.10.06"]
[SourceQuality "1"]

1. e4 d6 2. d4 Nf6 3. Nc3 Nbd7 4. Nf3 e5 5. Bg5 Be7 6. Be2 c6 7. O-O Qc7 8. h3 h6 9. Be3 Nf8 10. Qd3 Ng6 11. Rfd1 Bd7 12. Qc4 O-O-O 13. Qxf7 Be8 14. Qb3 Bd7 15. Bc4 Nxe4 16. dxe5 Nc5 17. Bxc5 dxc5 18. e6 Be8 19. Rxd8+ Kxd8 20. Rd1+ Kc8 21. Ne4 Ne5 22. Qc3 Nxc4 23. Qxc4 Kb8 24. Nxc5 Kc8 25. Nd7 Bd6 26. Qd4 Bxd7 27. Qxd6 Qxd6 28. Rxd6 Be8 29. Ne5 Kc7 30. Rd3 g5 31. g3 Rf8 32. Nd7 Rf5 33. c4 h5 34. Rd4 c5 35. Rd3 h4 36. Kg2 b6 37. b3 a6 38. Rf3 Bg6 39. Nf8 g4 40. hxg4 h3+ 41. Kxh3 Rxf3 42. Nxg6 Rxf2 43. Nf4 Rxa2 44. g5 Kd6 45. g6 Ke7 46. g7 1-0

[Event "Outaouais-ch Reserve"]
[Site "Gatineau CAN"]
[Date "2017.05.30"]
[Round "7"]
[White "Lemieux, Richard"]
[Black "Iyamuremye, Gervais"]
[Result "1-0"]
[WhiteElo "1473"]
[BlackElo "1454"]
[WhiteFideId "-1"]
[WhiteFideId "-1"]
[PlyCount "77"]
[GameId "2160767908411921"]
[EventDate "2017.04.18"]
[EventType "swiss"]
[EventRounds "7"]
[EventCountry "CAN"]
[SourceTitle "EXT 2022"]
[Source "ChessBase"]
[SourceDate "2021.10.06"]
[SourceVersion "1"]
[SourceVersionDate "2021.10.06"]
[SourceQuality "1"]

1. e4 e5 2. Nf3 Nc6 3. Bc4 Be7 4. d4 d6 5. d5 Na5 6. Bb5+ c6 7. dxc6 Nxc6 8. h3 Nf6 9. Nc3 a6 10. Be2 b5 11. a3 h6 12. O-O Bb7 13. Be3 O-O 14. Qd2 b4 15. axb4 Nxb4 16. Na4 a5 17. Nb6 Nxe4 18. Qc1 Rb8 19. Rxa5 Nc5 20. Bxc5 dxc5 21. Nc4 Bxf3 22. Bxf3 Qc7 23. Be4 f5 24. Bf3 e4 25. Bh5 Ra8 26. Rxa8 Rxa8 27. Bg6 Rf8 28. Rd1 Rf6 29. Be8 Nc6 30. Qa1 Ne5 31. Qa2 Kh7 32. Nxe5 Qxe5 33. Rd5 Qf4 34. Rd7 Rd6 35. Rxd6 Bxd6 36. g3 Qc1+ 37. Kg2 e3 38. Qe6 Qxc2 39. Bg6+ 1-0

[Event "Outaouais-ch Reserve"]
[Site "Gatineau CAN"]
[Date "2017.05.30"]
[Round "7"]
[White "Levesque, Jonathan"]
[Black "Arcand, Pierre"]
[Result "1-0"]
[WhiteElo "1172"]
[BlackElo "1239"]
[WhiteFideId "-1"]
[WhiteFideId "-1"]
[PlyCount "85"]
[GameId "2160767908411922"]
[EventDate "2017.04.18"]
[EventType "swiss"]
[EventRounds "7"]
[EventCountry "CAN"]
[SourceTitle "EXT 2022"]
[Source "ChessBase"]
[SourceDate "2021.10.06"]
[SourceVersion "1"]
[SourceVersionDate "2021.10.06"]
[SourceQuality "1"]

1. c4 e5 2. Nc3 Nf6 3. g3 Be7 4. Nf3 d6 5. Bg2 O-O 6. d3 h6 7. O-O Nc6 8. a3 Bf5 9. b4 e4 10. Nh4 Qd7 11. Nxe4 Nxe4 12. Nxf5 Qxf5 13. Bxe4 Qe5 14. Rb1 Nd8 15. Bb2 Qe6 16. e3 c6 17. Qf3 Rb8 18. Bf5 Qxf5 19. Qxf5 Ne6 20. Qg4 f5 21. Qg6 Bf6 22. Bc1 b5 23. Qxf5 Rbe8 24. cxb5 Bg5 25. Qg4 cxb5 26. f4 Bf6 27. Bb2 Bd8 28. f5 Ng5 29. h4 Rxe3 30. hxg5 Bxg5 31. Rf3 Rxf3 32. Qxf3 g6 33. Qd5+ Kh7 34. fxg6+ Kxg6 35. Qxd6+ Rf6 36. Bxf6 Bxf6 37. Rf1 Kg7 38. Qxf6+ Kh7 39. Qf7+ Kh8 40. Qf8+ Kh7 41. Rf4 a5 42. Rg4 axb4 43. Qg7# 1-0

[Event "Outaouais-ch Reserve"]
[Site "Gatineau CAN"]
[Date "2017.05.30"]
[Round "7"]
[White "Masse-Garneau, Anthony"]
[Black "Raymond, Robert"]
[Result "1/2-1/2"]
[WhiteElo "1378"]
[BlackElo "1236"]
[WhiteFideId "-1"]
[WhiteFideId "-1"]
[PlyCount "109"]
[GameId "2160767908411923"]
[EventDate "2017.04.18"]
[EventType "swiss"]
[EventRounds "7"]
[EventCountry "CAN"]
[SourceTitle "EXT 2022"]
[Source "ChessBase"]
[SourceDate "2021.10.06"]
[SourceVersion "1"]
[SourceVersionDate "2021.10.06"]
[SourceQuality "1"]

1. e4 e5 2. Nf3 Nc6 3. Bb5 Nf6 4. O-O d6 5. Re1 Bd7 6. c3 Be7 7. d4 O-O 8. Nbd2 Bg4 9. Qa4 Bd7 10. dxe5 Nxe5 11. Nxe5 dxe5 12. Nf3 Bd6 13. Bg5 c6 14. Bd3 b5 15. Qc2 h6 16. Bh4 Bg4 17. Be2 Bh5 18. Nd2 Bxe2 19. Rxe2 g5 20. Bg3 Nh5 21. Rd1 Nxg3 22. hxg3 Qc7 23. Nb3 Rad8 24. Red2 Be7 25. Kf1 Rxd2 26. Rxd2 Rd8 27. Ke2 Rxd2+ 28. Qxd2 Qd6 29. Qxd6 Bxd6 30. Kd3 c5 31. c4 b4 32. a3 bxa3 33. bxa3 Kg7 34. g4 Kg6 35. a4 h5 36. f3 f6 37. Na5 a6 38. Nb7 Be7 39. Na5 Bd6 40. Nb3 Kh6 41. a5 Kg6 42. Nd2 Kh6 43. Nf1 h4 44. Nd2 Kg6 45. Kc3 Kh6 46. Kb3 Bc7 47. Ka4 Bd6 48. Nb1 Kg6 49. Nc3 Kf7 50. Nd5 Ke6 51. Nb6 Bc7 52. Kb3 Kd6 53. Nd5 Bd8 54. Ka4 Ke6 55. Nc3 1/2-1/2

[Event "Outaouais-ch Reserve"]
[Site "Gatineau CAN"]
[Date "2017.05.30"]
[Round "7"]
[White "Rioux, Jocelyn"]
[Black "Cayen, Jean-Philippe"]
[Result "1/2-1/2"]
[WhiteElo "1513"]
[BlackElo "1303"]
[WhiteFideId "-1"]
[WhiteFideId "-1"]
[PlyCount "107"]
[GameId "2160767908411924"]
[EventDate "2017.04.18"]
[EventType "swiss"]
[EventRounds "7"]
[EventCountry "CAN"]
[SourceTitle "EXT 2022"]
[Source "ChessBase"]
[SourceDate "2021.10.06"]
[SourceVersion "1"]
[SourceVersionDate "2021.10.06"]
[SourceQuality "1"]

1. e4 g6 2. d4 e6 3. Nc3 Bg7 4. f4 d6 5. Nf3 Nc6 6. Bb5 Bd7 7. Be3 a6 8. Be2 Qe7 9. Qd2 Nf6 10. O-O-O O-O-O 11. d5 exd5 12. exd5 Nb8 13. Bd4 Rhg8 14. Rhe1 Qf8 15. Ng5 h6 16. Nge4 Nxe4 17. Nxe4 Re8 18. Nf6 Bxf6 19. Bxf6 h5 20. h3 Qh6 21. Bg5 Qg7 22. Bd3 Qd4 23. Rxe8+ Rxe8 24. Re1 Qxd5 25. Rxe8+ Bxe8 26. Qe2 Qe6 27. Qxe6+ fxe6 28. g4 hxg4 29. hxg4 Kd7 30. b4 Bf7 31. a4 c6 32. Kd2 Ke8 33. f5 gxf5 34. gxf5 e5 35. b5 axb5 36. axb5 c5 37. b6 Bd5 38. f6 Kf7 39. c4 Be6 40. Kc3 Nd7 41. Be4 Nxb6 42. Bxb7 Bxc4 43. Bf3 Be6 44. Bh5+ Kg8 45. Kd3 d5 46. Bd2 Bf7 47. Bg4 Bg6+ 48. Ke2 Kf7 49. Ba5 Nc4 50. Bd8 e4 51. Be7 Ne5 52. Bc8 Nd3 53. Bb7 d4 54. Bd5+ 1/2-1/2

[Event "Outaouais-ch Reserve"]
[Site "Gatineau CAN"]
[Date "2017.05.30"]
[Round "7"]
[White "Seguin, Hubert"]
[Black "Bastien, Andre"]
[Result "1/2-1/2"]
[WhiteElo "1526"]
[BlackElo "1829"]
[WhiteFideId "-1"]
[WhiteFideId "-1"]
[PlyCount "92"]
[GameId "2160767908411925"]
[EventDate "2017.04.18"]
[EventType "swiss"]
[EventRounds "7"]
[EventCountry "CAN"]
[SourceTitle "EXT 2022"]
[Source "ChessBase"]
[SourceDate "2021.10.06"]
[SourceVersion "1"]
[SourceVersionDate "2021.10.06"]
[SourceQuality "1"]

1. e4 c5 2. Nc3 Nc6 3. g3 g6 4. Bg2 Bg7 5. d3 d6 6. f4 e6 7. Nf3 Nge7 8. Be3 O-O 9. O-O Rb8 10. a4 a6 11. Qd2 b5 12. axb5 axb5 13. Rfb1 Qc7 14. Ne2 Bb7 15. d4 Rfd8 16. c3 Na5 17. Qc2 h6 18. Nd2 f5 19. b4 cxb4 20. Rxb4 fxe4 21. Bxe4 Nf5 22. Bf2 Nc6 23. Rxb5 d5 24. Bd3 Rdc8 25. Bxf5 gxf5 26. Nb3 Ba6 27. Rxb8 Nxb8 28. Nc5 Qd6 29. Nc1 Bc4 30. N1d3 Nd7 31. Nxd7 Qxd7 32. Nc5 Qc6 33. Re1 Re8 34. Qd1 Ba6 35. Qh5 Bc8 36. g4 fxg4 37. Qg6 Kh8 38. f5 Rf8 39. Nxe6 Bxe6 40. Rxe6 Qa4 41. Qxg4 Bf6 42. Qh5 Bg5 43. Rxh6+ Bxh6 44. Qxh6+ Kg8 45. f6 Qd1+ 46. Kg2 Qg4+ 1/2-1/2

[Event "Outaouais-ch Reserve"]
[Site "Gatineau CAN"]
[Date "2017.05.30"]
[Round "7"]
[White "Simard, Paul"]
[Black "Sabourin, Yves"]
[Result "0-1"]
[WhiteElo "1228"]
[BlackElo "1499"]
[WhiteFideId "-1"]
[WhiteFideId "-1"]
[PlyCount "40"]
[GameId "2160767908411926"]
[EventDate "2017.04.18"]
[EventType "swiss"]
[EventRounds "7"]
[EventCountry "CAN"]
[SourceTitle "EXT 2022"]
[Source "ChessBase"]
[SourceDate "2021.10.06"]
[SourceVersion "1"]
[SourceVersionDate "2021.10.06"]
[SourceQuality "1"]

1. d4 Nf6 2. c4 g6 3. Nc3 d5 4. e3 Bg7 5. Nf3 O-O 6. Be2 b6 7. b3 Nbd7 8. Ba3 Bb7 9. O-O Re8 10. Qc2 Rc8 11. h3 e5 12. dxe5 Nxe5 13. Nxe5 Rxe5 14. Rad1 Qd7 15. Bf3 Rg5 16. g4 Nxg4 17. Bxg4 Rxg4+ 18. hxg4 Qxg4+ 19. Kh2 d4 20. Rg1 Qh4# 0-1

[Event "Outouais-ch"]
[Site "Gatineau CAN"]
[Date "2017.04.25"]
[Round "2"]
[White "Jobin, Gilles G"]
[Black "Guimond, Michel"]
[Result "1-0"]
[WhiteElo "1861"]
[BlackElo "1883"]
[WhiteFideId "-1"]
[WhiteFideId "-1"]
[PlyCount "89"]
[GameId "2160767908411932"]
[EventDate "2017.04.18"]
[EventType "tourn"]
[EventRounds "7"]
[EventCountry "CAN"]
[SourceTitle "EXT 2022"]
[Source "ChessBase"]
[SourceDate "2021.10.06"]
[SourceVersion "1"]
[SourceVersionDate "2021.10.06"]
[SourceQuality "1"]

1. e4 e6 2. b3 d5 3. Bb2 d4 4. Nf3 c5 5. Bb5+ Bd7 6. Bxd7+ Nxd7 7. d3 Ne7 8. Nbd2 Ng6 9. g3 Qc7 10. Qe2 Qa5 11. O-O h5 12. h4 Be7 13. e5 Qc7 14. Rfe1 a5 15. a4 Nb6 16. Nc4 Nd5 17. Qe4 Bf8 18. Ng5 O-O-O 19. Nxe6 fxe6 20. Qxg6 Rh6 21. Qe4 Qf7 22. Bc1 Rg6 23. Bg5 Rd7 24. Qe2 Rxg5 25. hxg5 h4 26. Qg4 hxg3 27. Qxg3 Qf5 28. Re4 g6 29. Nb6+ Nxb6 30. Rf4 Rf7 31. Rxf5 Rxf5 32. f4 Nd5 33. Rf1 Bg7 34. Qh4 Ne7 35. Qe1 Nd5 36. Qxa5 Nxf4 37. Qxc5+ Kb8 38. Qd6+ Ka8 39. Qd8+ Ka7 40. Qxd4+ Ka6 41. Rxf4 Rxe5 42. Qc4+ Ka7 43. Rf7 Rxg5+ 44. Kf2 Bb2 45. Qb4 1-0

[Event "Outouais-ch"]
[Site "Gatineau CAN"]
[Date "2017.04.25"]
[Round "2"]
[White "Thibault, Mario"]
[Black "Desjardins, Michel"]
[Result "1/2-1/2"]
[WhiteElo "1740"]
[BlackElo "1923"]
[WhiteFideId "-1"]
[WhiteFideId "-1"]
[PlyCount "100"]
[GameId "2160767908411934"]
[EventDate "2017.04.18"]
[EventType "tourn"]
[EventRounds "7"]
[EventCountry "CAN"]
[SourceTitle "EXT 2022"]
[Source "ChessBase"]
[SourceDate "2021.10.06"]
[SourceVersion "1"]
[SourceVersionDate "2021.10.06"]
[SourceQuality "1"]

1. e4 d5 2. exd5 Qxd5 3. Nc3 Qd6 4. d4 Nf6 5. Nf3 g6 6. Ne5 Bg7 7. Bc4 O-O 8. Bf4 Nh5 9. Qd2 Nxf4 10. Qxf4 e6 11. O-O-O a6 12. Ne4 Qe7 13. h4 b5 14. Be2 Bb7 15. h5 Nc6 16. hxg6 hxg6 17. Qh2 Rfd8 18. Qh7+ Kf8 19. Nxg6+ fxg6 20. Qxg6 Nxd4 21. Bd3 c5 22. Ng5 c4 23. Rh4 cxd3 24. Rdh1 d2+ 25. Kd1 Qc7 26. Rh8+ Bxh8 27. Rxh8+ Ke7 28. Rh7+ Kd6 29. Rxc7 Kxc7 30. Qg7+ Kb6 31. Nf7 Rd7 32. Qe5 Bxg2 33. Ng5 Bf1 34. Qe3 Kc6 35. Qc3+ Kb7 36. Ne4 Rd5 37. Nc5+ Kb6 38. Nd3 Ra7 39. Qc8 Bxd3 40. cxd3 Rc7 41. Qb8+ Kc6 42. Qe8+ Rdd7 43. Kxd2 Kd5 44. Qh5+ e5 45. Qh1+ Kc5 46. Qe4 Rd5 47. a3 Kb6 48. Qxd5 Rc2+ 49. Kd1 Rxb2 50. Qd6+ Nc6 1/2-1/2

[Event "Outouais-ch"]
[Site "Gatineau CAN"]
[Date "2017.05.02"]
[Round "3"]
[White "Desjardins, Michel"]
[Black "Scantland, Patrick"]
[Result "1-0"]
[WhiteElo "1923"]
[BlackElo "1802"]
[WhiteFideId "-1"]
[WhiteFideId "-1"]
[PlyCount "95"]
[GameId "2160767908411936"]
[EventDate "2017.04.18"]
[EventType "tourn"]
[EventRounds "7"]
[EventCountry "CAN"]
[SourceTitle "EXT 2022"]
[Source "ChessBase"]
[SourceDate "2021.10.06"]
[SourceVersion "1"]
[SourceVersionDate "2021.10.06"]
[SourceQuality "1"]

1. e4 c5 2. Nf3 d6 3. d4 cxd4 4. Nxd4 Nf6 5. Nc3 a6 6. Bc4 e6 7. a4 Nxe4 8. Nxe4 d5 9. Bd3 dxe4 10. Bxe4 Nd7 11. O-O Nf6 12. Bf3 Bc5 13. Nb3 Be7 14. Bf4 O-O 15. a5 Nd5 16. Bg3 f5 17. Be5 Bf6 18. Qd4 Bxe5 19. Qxe5 Qf6 20. Rfe1 Qxe5 21. Rxe5 Nb4 22. Nd4 Kf7 23. Ra4 Kf6 24. Rc5 Nd5 25. Bxd5 exd5 26. Rxd5 Be6 27. Rd6 Rfe8 28. Rxe6+ Rxe6 29. Nxe6 Kxe6 30. Rd4 Rc8 31. c4 g5 32. f4 g4 33. Kf2 Rc6 34. b4 b6 35. axb6 Rxb6 36. c5 Rc6 37. Rd2 a5 38. bxa5 Rxc5 39. Ra2 Rc7 40. a6 Ra7 41. Ke3 h5 42. g3 Kd5 43. Ra5+ Ke6 44. Kd4 Rd7+ 45. Kc5 Rd5+ 46. Kb6 Rd6+ 47. Kb7 Rd7+ 48. Kc8 1-0

[Event "Outouais-ch"]
[Site "Gatineau CAN"]
[Date "2017.05.02"]
[Round "3"]
[White "Guimond, Michel"]
[Black "Gagnon, Fabien"]
[Result "1-0"]
[WhiteElo "1883"]
[BlackElo "1901"]
[WhiteFideId "-1"]
[WhiteFideId "-1"]
[PlyCount "63"]
[GameId "2160767908411937"]
[EventDate "2017.04.18"]
[EventType "tourn"]
[EventRounds "7"]
[EventCountry "CAN"]
[SourceTitle "EXT 2022"]
[Source "ChessBase"]
[SourceDate "2021.10.06"]
[SourceVersion "1"]
[SourceVersionDate "2021.10.06"]
[SourceQuality "1"]

1. e4 e6 2. d4 d5 3. e5 c5 4. c3 Bd7 5. Nf3 Nc6 6. Bd3 Qb6 7. O-O cxd4 8. cxd4 Nxd4 9. Nxd4 Qxd4 10. Nc3 a6 11. Re1 Nh6 12. Be3 Qh4 13. g3 Qd8 14. Bxh6 gxh6 15. h4 Bc6 16. Qh5 Qe7 17. Rac1 O-O-O 18. a3 Kb8 19. b4 Qd7 20. Rc2 Be7 21. Rec1 f5 22. Ne2 d4 23. Nf4 Bd5 24. Rc7 Qe8 25. Qxh6 Qf8 26. Qxf8 Bxf8 27. Nxd5 Rxd5 28. Rf7 Rxe5 29. Rcc7 Bd6 30. Rxb7+ Kc8 31. Bxa6 Bb8 32. Rb6+ 1-0

[Event "Outouais-ch"]
[Site "Gatineau CAN"]
[Date "2017.05.02"]
[Round "3"]
[White "Solunac, Sasha"]
[Black "Jobin, Gilles G"]
[Result "1-0"]
[WhiteElo "1946"]
[BlackElo "1861"]
[WhiteFideId "-1"]
[WhiteFideId "-1"]
[PlyCount "73"]
[GameId "2160767908411938"]
[EventDate "2017.04.18"]
[EventType "tourn"]
[EventRounds "7"]
[EventCountry "CAN"]
[SourceTitle "EXT 2022"]
[Source "ChessBase"]
[SourceDate "2021.10.06"]
[SourceVersion "1"]
[SourceVersionDate "2021.10.06"]
[SourceQuality "1"]

1. d4 d6 2. e4 Nf6 3. Nc3 e5 4. Nf3 Nbd7 5. Bc4 Be7 6. O-O O-O 7. h3 c6 8. a4 a5 9. Be3 h6 10. Qd2 exd4 11. Nxd4 Nc5 12. f3 Nh7 13. Rad1 Be6 14. Nxe6 Nxe6 15. f4 Nf6 16. Qe2 Qc7 17. Qf3 Rad8 18. Qf2 Rd7 19. Bb6 Qb8 20. Bxe6 fxe6 21. Bxa5 b6 22. Bxb6 Bd8 23. Bxd8 Rfxd8 24. b3 Qb4 25. Qd4 Qxd4+ 26. Rxd4 e5 27. fxe5 dxe5 28. Rxd7 Rxd7 29. Rf2 Rd4 30. Re2 Kf7 31. Kf2 Ke6 32. Ke3 Kd6 33. Rd2 Kc5 34. a5 Ne8 35. Na4+ Kb5 36. Rxd4 exd4+ 37. Kxd4 1-0

[Event "Outouais-ch"]
[Site "Gatineau CAN"]
[Date "2017.05.16"]
[Round "5"]
[White "Akrib, Fouad"]
[Black "Guimond, Michel"]
[Result "1-0"]
[WhiteElo "1933"]
[BlackElo "1883"]
[WhiteFideId "-1"]
[WhiteFideId "-1"]
[PlyCount "73"]
[GameId "2160767908411943"]
[EventDate "2017.04.18"]
[EventType "tourn"]
[EventRounds "7"]
[EventCountry "CAN"]
[SourceTitle "EXT 2022"]
[Source "ChessBase"]
[SourceDate "2021.10.06"]
[SourceVersion "1"]
[SourceVersionDate "2021.10.06"]
[SourceQuality "1"]

1. e4 e6 2. d4 d5 3. Nd2 Nf6 4. e5 Nfd7 5. f4 c5 6. Ndf3 Nc6 7. c3 Qb6 8. g3 cxd4 9. cxd4 Bb4+ 10. Kf2 f6 11. Kg2 O-O 12. Bd3 h6 13. Ne2 fxe5 14. fxe5 Rxf3 15. Kxf3 Kh8 16. Bc2 Ndxe5+ 17. dxe5 Nxe5+ 18. Kg2 Bd7 19. Qd4 Qc7 20. Bf4 Qxc2 21. Qxe5 Bd6 22. Qh5 e5 23. Bxh6 Qe4+ 24. Kg1 Kg8 25. h3 gxh6 26. Rf1 d4 27. Qf7+ Kh8 28. Qxd7 Qxe2 29. Qxd6 Qe3+ 30. Kg2 Qe4+ 31. Rf3 Qe2+ 32. Rf2 Qe3 33. Rf8+ Rxf8 34. Qxf8+ Kh7 35. Qf7+ Kh8 36. Rf1 Qe2+ 37. Rf2 1-0

[Event "Outouais-ch"]
[Site "Gatineau CAN"]
[Date "2017.05.16"]
[Round "5"]
[White "Desjardins, Michel"]
[Black "Solunac, Sasha"]
[Result "0-1"]
[WhiteElo "1923"]
[BlackElo "1946"]
[WhiteFideId "-1"]
[WhiteFideId "-1"]
[PlyCount "77"]
[GameId "2160767908411944"]
[EventDate "2017.04.18"]
[EventType "tourn"]
[EventRounds "7"]
[EventCountry "CAN"]
[SourceTitle "EXT 2022"]
[Source "ChessBase"]
[SourceDate "2021.10.06"]
[SourceVersion "1"]
[SourceVersionDate "2021.10.06"]
[SourceQuality "1"]

1. e4 e6 2. d4 d5 3. Nd2 Nf6 4. e5 Nfd7 5. Bd3 c5 6. c3 Nc6 7. Ne2 cxd4 8. cxd4 f6 9. Nf4 Nxd4 10. Qh5+ Ke7 11. Ng6+ hxg6 12. exf6+ Nxf6 13. Qxh8 Kf7 14. O-O e5 15. Nb3 Nxb3 16. axb3 e4 17. Be2 Qb6 18. Bg5 Be6 19. Rfc1 Rd8 20. Qh4 Be7 21. Qg3 Bd6 22. Qh4 Be5 23. Ra2 Qxb3 24. Rxa7 Qxb2 25. Bf1 d4 26. Raa1 Bd5 27. Rab1 Qa3 28. Bc4 Bxc4 29. Rxb7+ Kg8 30. Rxc4 e3 31. Rb1 e2 32. f4 Qe3+ 33. Qf2 Qd3 34. Rcc1 Ne4 35. Qh4 Qe3+ 36. Kh1 Nf2+ 37. Qxf2 Qxf2 38. Bxd8 Bxf4 39. Bb6 0-1

[Event "Outouais-ch"]
[Site "Gatineau CAN"]
[Date "2017.05.16"]
[Round "5"]
[White "Thibault, Mario"]
[Black "Jobin, Gilles G"]
[Result "1/2-1/2"]
[WhiteElo "1740"]
[BlackElo "1861"]
[WhiteFideId "-1"]
[WhiteFideId "-1"]
[PlyCount "50"]
[GameId "2160767908411945"]
[EventDate "2017.04.18"]
[EventType "tourn"]
[EventRounds "7"]
[EventCountry "CAN"]
[SourceTitle "EXT 2022"]
[Source "ChessBase"]
[SourceDate "2021.10.06"]
[SourceVersion "1"]
[SourceVersionDate "2021.10.06"]
[SourceQuality "1"]

1. e4 d6 2. d4 Nf6 3. Nc3 Nbd7 4. Nf3 e5 5. Bc4 Be7 6. O-O O-O 7. a4 a5 8. h3 h6 9. b3 exd4 10. Qxd4 Ne5 11. Nxe5 dxe5 12. Qe3 c6 13. Rd1 Qc7 14. Bb2 Be6 15. Bd3 Nd7 16. Ne2 f5 17. exf5 Bxf5 18. Ba3 Bxa3 19. Rxa3 Bxd3 20. Rxd3 Nf6 21. Ra1 Nd5 22. Qc5 Qf7 23. Rf3 Qg6 24. Rxf8+ Rxf8 25. Qc4 Qf5 1/2-1/2

[Event "Outouais-ch"]
[Site "Gatineau CAN"]
[Date "2017.05.06"]
[Round "6"]
[White "Guimond, Michel"]
[Black "Desjardins, Michel"]
[Result "1-0"]
[WhiteElo "1883"]
[BlackElo "1923"]
[WhiteFideId "-1"]
[WhiteFideId "-1"]
[PlyCount "57"]
[GameId "2160767908411946"]
[EventDate "2017.04.18"]
[EventType "tourn"]
[EventRounds "7"]
[EventCountry "CAN"]
[SourceTitle "EXT 2022"]
[Source "ChessBase"]
[SourceDate "2021.10.06"]
[SourceVersion "1"]
[SourceVersionDate "2021.10.06"]
[SourceQuality "1"]

1. e4 d5 2. e5 c5 3. d4 cxd4 4. Qxd4 Nc6 5. Bb5 Bf5 6. g4 Bg6 7. h4 h5 8. Bg5 Qd7 9. Qa4 e6 10. Nc3 Be7 11. O-O-O hxg4 12. Nge2 Bc5 13. Nf4 Nge7 14. Bxe7 Bxe7 15. Ncxd5 exd5 16. Nxd5 Rc8 17. Nf6+ gxf6 18. Rxd7 Kxd7 19. Rd1+ Ke8 20. exf6 Bxf6 21. Qxg4 Rd8 22. Bd3 Ne5 23. Re1 Kf8 24. Qf4 Nxd3+ 25. cxd3 Kg7 26. Rh1 Rxd3 27. Qc4 Bf5 28. Rg1+ Kh6 29. Qf4+ 1-0

[Event "Outouais-ch"]
[Site "Gatineau CAN"]
[Date "2017.05.23"]
[Round "6"]
[White "Solunac, Sasha"]
[Black "Thibault, Mario"]
[Result "1-0"]
[WhiteElo "1946"]
[BlackElo "1740"]
[WhiteFideId "-1"]
[WhiteFideId "-1"]
[PlyCount "75"]
[GameId "2160767908411948"]
[EventDate "2017.04.18"]
[EventType "tourn"]
[EventRounds "7"]
[EventCountry "CAN"]
[SourceTitle "EXT 2022"]
[Source "ChessBase"]
[SourceDate "2021.10.06"]
[SourceVersion "1"]
[SourceVersionDate "2021.10.06"]
[SourceQuality "1"]

1. e4 c5 2. Nf3 g6 3. c4 Nc6 4. d4 cxd4 5. Nxd4 Nf6 6. Nc3 d6 7. Be2 Nxd4 8. Qxd4 Bg7 9. Be3 O-O 10. Qd2 a5 11. O-O a4 12. f4 Qa5 13. Rab1 Re8 14. b4 axb3 15. axb3 Qb4 16. f5 Bd7 17. fxg6 hxg6 18. Bd4 Ra5 19. Qe3 Bg4 20. Bxf6 Bxf6 21. Rxf6 exf6 22. Bxg4 f5 23. Be2 Ree5 24. Qd4 Qc5 25. Qxc5 dxc5 26. exf5 Rxf5 27. Bf3 Ra7 28. Nb5 Ra2 29. Nd6 Re5 30. Nxb7 Kg7 31. Bd5 g5 32. Nxc5 Ree2 33. b4 f5 34. h3 Kf6 35. b5 Ke7 36. b6 Rab2 37. Rxb2 Rxb2 38. b7 1-0

[Event "Paul Keres mem. (42nd)"]
[Site "Richmond CAN"]
[Date "2017.05.20"]
[Round "1.1"]
[White "Orlov, Georgi"]
[Black "Hui, Jeremy"]
[Result "0-1"]
[WhiteElo "2529"]
[BlackElo "2084"]
[WhiteFideId "-1"]
[WhiteFideId "-1"]
[PlyCount "104"]
[GameId "2160767908411389"]
[EventDate "2017.05.20"]
[EventType "swiss"]
[EventRounds "6"]
[EventCountry "CAN"]
[SourceTitle "10 Days #408"]
[Source "Chess Mix"]
[SourceDate "2014.08.01"]

1. e4 e6 2. d4 d5 3. Nc3 Bb4 4. exd5 exd5 5. Bd3 Nf6 6. Bg5 O-O 7. Nge2 Nbd7 8. O-O c6 9. Ng3 Qc7 10. Nh5 Nxh5 11. Qxh5 f5 12. Qh4 Nf6 13. f3 Bd6 14. Ne2 h6 15. Bd2 Qf7 16. Ng3 f4 17. Nf5 Bxf5 18. Bxf5 g6 19. Bd3 Nh5 20. Rae1 Rae8 21. Rxe8 Rxe8 22. Re1 Kg7 23. Kf1 Rxe1+ 24. Bxe1 Qe6 25. Bd2 Nf6 26. b3 g5 27. Qf2 Ng8 28. Qe1 Kf6 29. c4 Ne7 30. Qc1 Nf5 31. c5 Bb8 32. Qc3 Ne3+ 33. Kg1 g4 34. fxg4 Qxg4 35. Bf1 Nf5 36. h3 Qd1 37. Qd3 Ng3 38. Bc3 Qxf1+ 39. Qxf1 Nxf1 40. Kxf1 Kf5 41. Ke2 Ke4 42. Be1 Kxd4 43. Kf3 h5 44. Bd2 Kxc5 45. h4 Be5 46. Bxf4 Bxf4 47. Kxf4 Kd6 48. Kf5 d4 49. Ke4 c5 50. b4 b6 51. b5 Ke6 52. a4 Kf6 0-1

[Event "Paul Keres mem. (42nd)"]
[Site "Richmond CAN"]
[Date "2017.05.20"]
[Round "1.3"]
[White "Valencia, Belsar"]
[Black "Roback, Joe"]
[Result "1-0"]
[WhiteElo "2378"]
[BlackElo "2067"]
[WhiteFideId "-1"]
[WhiteFideId "-1"]
[PlyCount "67"]
[GameId "2160767908411391"]
[EventDate "2017.05.20"]
[EventType "swiss"]
[EventRounds "6"]
[EventCountry "CAN"]
[SourceTitle "10 Days #408"]
[Source "Chess Mix"]
[SourceDate "2014.08.01"]

1. c4 e5 2. Nc3 Nf6 3. Nf3 Nc6 4. a3 d5 5. cxd5 Nxd5 6. d3 Be7 7. e3 O-O 8. Be2 Nb6 9. b4 a6 10. O-O Be6 11. Bb2 f5 12. Qc2 Bf6 13. Rab1 Rf7 14. Rfd1 Rd7 15. Nd2 Qe8 16. Nb3 Be7 17. Bf3 Nd5 18. Nxd5 Bxd5 19. e4 fxe4 20. dxe4 Be6 21. Rxd7 Bxd7 22. Nc5 Bc8 23. Be2 Bd6 24. Rc1 Nd8 25. Bc4+ Kh8 26. Nd3 Bd7 27. f4 Nc6 28. fxe5 Bf8 29. Rf1 Rd8 30. Qf2 b5 31. Bf7 Qe7 32. Nf4 Be8 33. Ne6 Rc8 34. Bxe8 1-0